000 02854cam a2200241 4500500
005 20260405002002.0
041 _afre
042 _adc
100 1 0 _aBrassier-Rodrigues, Cécilia
_eauthor
245 0 0 _aPenser l’interculturel dans une société mondialisée : une approche mixte pour renouveler les recherches en communication
260 _c2026.
500 _a23
520 _aL’interculturel, notion complexe et souvent controversée, s’est imposé comme un champ de recherche pluridisciplinaire, notamment en sociologie, éducation, travail social et communication. En France, son émergence dans les années 1970 coïncide avec des transformations migratoires majeures, influençant fortement l’école et le travail social. La communication interculturelle, bien qu’enrichie par ces dynamiques, peine encore à s’inscrire pleinement dans le champ des sciences de l’information et de la communication. Alors que deux grandes approches dominent les recherches en interculturel (l’une culturaliste, l’autre centrée sur l’altérité), cet article propose d’explorer une voie alternative : une approche mixte. En plaçant la perception de l’altérité au cœur de l’analyse, il s’agit de montrer comment les recherches en SIC peuvent renouveler les perspectives sur l’interculturel, dans un contexte mondialisé et interconnecté où les formes de rencontre se diversifient.
520 _aInterculturality, a complex and often controversial concept, has established itself as a multidisciplinary field of research, particularly in sociology, education, social work and communication. In France, its emergence in the 1970s coincided with major migratory transformations, strongly influencing schools and social work. Intercultural communication, although enriched by these dynamics, is still struggling to become fully integrated into the field of information and communication sciences. While two main approaches dominate intercultural research (one culturalist, the other centred on otherness), this article concludes on an alternative path: a mixed approach. By placing the perception of otherness at the heart of the analysis, the aim is to show how communication research can renew perspectives on the intercultural, in a globalised and interconnected context where the forms of encounter are diversifying.
690 _aapproche altéritaire
690 _aapproche culturaliste
690 _acommunication interculturelle
690 _aalteritarian approach
690 _aculturalist approach
690 _aintercultural communication
786 0 _nApproches Théoriques en Information-Communication (ATIC) | 11 | 1 | 2026-03-12 | p. 187-210
856 4 1 _uhttps://shs.cairn.info/revue-approches-theoriques-en-information-communication-atic-2026-1-page-187?lang=fr&redirect-ssocas=7080
999 _c2053007
_d2053007